000
00316nam a22001217a 4500
999
_c
2980
_d
2980
005
20200925133418.0
008
200925b ||||| |||| 00| 0 eng d
020
_a
9781444935059
040
_c
CML
245
_a
The Famous Five.
_c
Blyton, G.
260
_a
London
_b
Hodder Children's Books
_c
1997
942
_2
ddc
_c
BK
_k
F
_m
BLY